[Event "Dos Hermanas"]
[Site "Dos Hermanas"]
[Date "1992.??.??"]
[Round "6"]
[White "Yudasin, Leonid"]
[Black "Oll, Lembit"]
[Result "1-0"]
[WhiteElo "2580"]
[BlackElo "2600"]
[Annotator "Blatny,P"]
[PlyCount "77"]
[EventDate "1992.05.??"]
[EventType "tourn"]
[EventRounds "9"]
[EventCountry "ESP"]
[EventCategory "10"]
[Source "ChessBase"]
[SourceDate "1992.12.01"]

1. e4 d5 2. exd5 Qxd5 3. Nc3 Qa5 4. d4 Nf6 5. Bc4 Bg4 6. f3 Bf5 (6... Bh5 $6 7.
Nge2 c6 8. Bd2 e6 9. g4 Bg6 10. h4 h6 11. Nf4 Bh7 12. Qe2 Qc7 13. O-O-O Bd6 14.
g5 $1 Bxf4 15. gxf6 gxf6 16. Bxe6 $1 O-O 17. Bc4 Nd7 18. Qe7 Bg6 19. Ne4 Kg7
20. Rhg1 h5 21. Rxg6+ $1 Kxg6 22. Rg1+ Kh6 23. Nd6 $1 $18 {
Horvath,T-Haralambof, Ticino op 1991}) 7. Nge2 c6 (7... h5 $5 8. Bf4 e6 9. O-O
c6 10. Ng3 Nbd7 11. a3 Bg6 12. Nge4 Qd8 {
+/=/= Horvath,T-Borsos, Zalakaros op 1991}) (7... e6 8. Bd2 c6 9. O-O Qc7 10.
Ng3 Bg6 11. Nce4 Nbd7 12. Qe2 h5 $1 13. Bd3 O-O-O $13 {
Leonhardt-Von Bardeleben, Barmen 1905}) 8. g4 Bg6 9. Nf4 Nbd7 10. h4 e5 11. h5
$1 Bf5 $1 (11... exf4 $2 12. hxg6 fxg6 13. Qe2+ Be7 14. Bxf4 {/\0-0-0+- ><Ke8})
12. gxf5 exf4 13. Qd3 Qc7 14. Qe2+ Be7 15. Bd2 Nb6 16. Bb3 Rd8 17. O-O-O $1
Rxd4 18. Qg2 Nc4 $5 {/^a2-g8} (18... Kf8 {><Rh8}) (18... O-O $2 19. h6 Ne8 (
19... g6 20. fxg6 hxg6 21. Qxg6+ Kh8 22. Qg7#) 20. hxg7 Nxg7 21. Rxh7 $3 Kxh7
22. Rh1+ Kg8 23. Qh2 {/\Qh8#}) 19. Bxc4 Rxc4 20. Qxg7 Rg8 21. Qh6 Qe5 22. Rhe1
Qxf5 23. Re2 Nd5 $8 24. Qd6 f6 (24... Ne3 25. Qb8+ {/\Bxe3+-}) 25. Qb8+ (25.
Rde1 $2 Ne3 $1 26. Qd3 $8 Qxd3 27. cxd3 Rc5 28. Bxe3 fxe3 29. Rxe3 Rg7 30. h6
Rf7 {/\Kd7-/+ _|_}) 25... Kf7 26. Qxb7 Rd8 27. Re4 Rd7 28. Qa8 $4 (28. Qxd7
Qxd7 29. Rxc4 $14 {2R:Q}) (28. Qa6 $1 Rc5 $8 29. Qe2 {/\Rde1+/-}) 28... Rc5 $4
(28... Rd8 29. Qxa7) (28... Nxc3 $1 29. Rxe7+ $5 (29. bxc3 $2 Ba3+ $19) (29.
Rg1 Ne2+ $1 $19) (29. Rxc4 Nxd1 30. Kxd1 Qd5 $19) (29. Bxc3 Rxd1+ 30. Kxd1 Rxe4
31. fxe4 Qxh5+ $19 {_|_}) 29... Rxe7 30. Bxc3 {-/+ ><Kf7}) 29. Na4 $1 $16 Nc7
30. Qb7 Nb5 31. Qa6 Rcd5 32. c4 $1 (32. Qxc6 $2 Nd4 $132) 32... Nc7 33. Qxc6
Rd3 34. Rde1 $1 Bf8 (34... Rxd2 35. Rxe7+ Rxe7 36. Rxe7+ Kxe7 37. Kxd2 $18 {_|_
}) (34... Rxf3 $2 35. Rxe7+ $18) 35. Bxf4 $18 Qa5 36. Bxc7 Bh6+ 37. f4 Qxc7 38.
Qe6+ Kg7 39. Rg1+ 1-0

[Event "Dos Hermanas"]
[Site "Dos Hermanas"]
[Date "1992.??.??"]
[Round "8"]
[White "Akopian, Vladimir"]
[Black "Oll, Lembit"]
[Result "1/2-1/2"]
[WhiteElo "2605"]
[BlackElo "2600"]
[PlyCount "37"]
[EventDate "1992.05.??"]
[EventType "tourn"]
[EventRounds "9"]
[EventCountry "ESP"]
[EventCategory "10"]
[Source "ChessBase"]
[SourceDate "1992.12.01"]

1. d4 Nf6 2. c4 e6 3. Nc3 Bb4 4. e3 c5 5. Nge2 d5 6. a3 Bxc3+ 7. Nxc3 cxd4 8.
exd4 dxc4 9. Bxc4 Nc6 10. Be3 O-O 11. O-O h6 12. d5 exd5 13. Nxd5 Be6 14. Nxf6+
Qxf6 15. Bxe6 Qxe6 16. Qa4 a6 17. Rac1 Rad8 18. Rfe1 Rfe8 19. h3 1/2-1/2

[Event "Manila ol (Men)"]
[Site "Manila"]
[Date "1992.??.??"]
[Round "?"]
[White "Oll, Lembit"]
[Black "Beliavsky, Alexander"]
[Result "1/2-1/2"]
[WhiteElo "2600"]
[BlackElo "2620"]
[PlyCount "84"]
[EventDate "1992.06.08"]
[EventType "swiss ()"]
[EventRounds "14"]
[EventCountry "PHI"]
[Source "ChessBase"]
[SourceDate "1994.03.01"]

1. e4 e5 2. Nf3 Nc6 3. Nc3 Nf6 4. d4 exd4 5. Nxd4 Bb4 6. Nxc6 bxc6 7. Bd3 d5 8.
exd5 Qe7+ 9. Qe2 Qxe2+ 10. Kxe2 Nxd5 11. Nxd5 cxd5 12. Bb5+ Bd7 13. Bxd7+ Kxd7
14. Rd1 Rhe8+ 15. Be3 Kc6 16. c4 dxc4 17. Rd4 Ba5 18. Rc1 Rad8 19. Rdxc4+ Kb7
20. Rd1 Rxd1 21. Rh4 h6 22. Rd4 Rf8 23. Re4 Bb6 24. Bd2 Kc6 25. Bc3 f6 26. Re7
Rg8 27. g4 Kd6 28. Re4 Rh8 29. Bb4+ Kd5 30. Re7 h5 31. h3 hxg4 32. hxg4 Rh2 33.
Be1 Rh7 34. a4 Kd6 35. Re8 Kd7 36. Rf8 Bc5 37. Rf7+ Kd8 38. g5 fxg5 39. Rf5 Be7
40. Ra5 Rh4 41. Rxa7 Re4+ 42. Kf1 Bb4 1/2-1/2

[Event "Manila ol (Men)"]
[Site "Manila"]
[Date "1992.??.??"]
[Round "?"]
[White "Oll, Lembit"]
[Black "Urday Caceres, Henry"]
[Result "1-0"]
[WhiteElo "2600"]
[BlackElo "2480"]
[PlyCount "85"]
[EventDate "1992.06.08"]
[EventType "swiss ()"]
[EventRounds "14"]
[EventCountry "PHI"]
[Source "ChessBase"]
[SourceDate "1994.03.01"]

1. e4 c5 2. Nf3 e6 3. d4 cxd4 4. Nxd4 a6 5. Bd3 Nf6 6. O-O Qc7 7. Kh1 d6 8. c4
Nbd7 9. Nc3 Be7 10. Bd2 Ne5 11. Be2 O-O 12. b3 Nc6 13. Be3 Nxd4 14. Qxd4 Nd7
15. Rac1 b6 16. f3 Bb7 17. Rfd1 Rfd8 18. b4 Rab8 19. Nd5 exd5 20. cxd5 Nc5 21.
Qc3 Bf6 22. Qa3 Ra8 23. f4 Qe7 24. bxc5 bxc5 25. Bf3 Rab8 26. Rb1 Qc7 27. Bd2
Re8 28. Qa4 Bd4 29. e5 Ba8 30. Qxa6 Rxb1 31. Rxb1 Rb8 32. Rb3 Rxb3 33. axb3 Bb7
34. exd6 Qd7 35. Qb6 h5 36. h3 Qf5 37. Qd8+ Kh7 38. Qh4 g6 39. Qe7 Qb1+ 40. Be1
Bf2 41. d7 Bxe1 42. Qxf7+ Kh6 43. Be4 1-0

[Event "Manila ol (Men)"]
[Site "Manila"]
[Date "1992.??.??"]
[Round "?"]
[White "Oll, Lembit"]
[Black "Wach, Markus"]
[Result "1-0"]
[WhiteElo "2600"]
[BlackElo "2320"]
[PlyCount "113"]
[EventDate "1992.06.08"]
[EventType "swiss ()"]
[EventRounds "14"]
[EventCountry "PHI"]
[Source "ChessBase"]
[SourceDate "1994.03.01"]

1. e4 Nf6 2. e5 Nd5 3. d4 d6 4. Nf3 g6 5. Be2 Bg7 6. O-O O-O 7. c4 Nb6 8. Nc3
Nc6 9. exd6 cxd6 10. b3 Bg4 11. Be3 d5 12. c5 Nc8 13. b4 a6 14. Rb1 e6 15. a4
N8e7 16. b5 axb5 17. axb5 Na5 18. Ne5 Bxe2 19. Qxe2 Nf5 20. f4 f6 21. Nf3 Nc4
22. Bf2 Re8 23. Rbc1 g5 24. fxg5 fxg5 25. g4 Nh4 26. Bxh4 gxh4 27. Kh1 b6 28.
c6 Ra7 29. Nd1 Rf7 30. Ne3 Nxe3 31. Qxe3 Qf6 32. c7 Rc8 33. Ng5 Qxf1+ 34. Rxf1
Rxf1+ 35. Kg2 Rf6 36. Nxe6 Re8 37. g5 Rfxe6 38. Qxe6+ Rxe6 39. c8=Q+ Kf7 40.
Qd7+ Re7 41. Qxd5+ Ke8 42. Kh3 Rd7 43. Qe6+ Re7 44. Qc8+ Kf7 45. Qf5+ Ke8 46.
Kxh4 Kd8 47. d5 Be5 48. h3 Bd6 49. Kh5 Be5 50. Qf8+ Kd7 51. Qa8 Bd4 52. Qc6+
Kd8 53. d6 Rg7 54. Qe4 Bb2 55. Qa8+ Kd7 56. Qc6+ Ke6 57. d7+ 1-0

[Event "Moscow rapid"]
[Site "Moscow"]
[Date "1992.??.??"]
[Round "?"]
[White "Ljubojevic, Ljubomir"]
[Black "Oll, Lembit"]
[Result "1/2-1/2"]
[WhiteElo "2600"]
[BlackElo "2600"]
[PlyCount "70"]
[EventDate "1992.08.??"]
[EventType "swiss (rapid)"]
[EventRounds "9"]
[EventCountry "RUS"]
[Source "ChessBase"]
[SourceDate "1996.11.15"]

1. c4 e6 2. Nf3 d5 3. d4 Nf6 4. Nc3 c6 5. e3 Nbd7 6. Qc2 Bd6 7. Bd3 O-O 8. O-O
dxc4 9. Bxc4 b5 10. Bb3 Bb7 11. Rd1 Qc7 12. h3 a6 13. a4 b4 14. Ne4 Nxe4 15.
Qxe4 c5 16. Qc2 Rfc8 17. d5 exd5 18. Bxd5 Bxd5 19. Rxd5 Nf6 20. Rf5 Qe7 21. b3
g6 22. Bb2 Qe4 23. Qxe4 Nxe4 24. Rd5 c4 25. bxc4 Rxc4 26. Nd2 Nxd2 27. Rxd6 Rc2
28. Bd4 a5 29. Rd5 Rac8 30. Kh2 Nb3 31. Rf1 Nxd4 32. exd4 b3 33. Rb1 Rxf2 34.
Rxb3 Rcc2 35. Rg3 Rc4 1/2-1/2

[Event "Moscow rapid"]
[Site "Moscow"]
[Date "1992.??.??"]
[Round "?"]
[White "Oll, Lembit"]
[Black "Gurevich, Mikhail"]
[Result "0-1"]
[WhiteElo "2600"]
[BlackElo "2625"]
[PlyCount "120"]
[EventDate "1992.08.??"]
[EventType "swiss (rapid)"]
[EventRounds "9"]
[EventCountry "RUS"]
[Source "ChessBase"]
[SourceDate "1996.11.15"]

1. e4 e6 2. d4 d5 3. Nd2 Nf6 4. e5 Nfd7 5. Bd3 c5 6. c3 Nc6 7. Ndf3 Qa5 8. Bd2
Qb6 9. Ne2 Qxb2 10. Rb1 Qa3 11. O-O c4 12. Bc2 Be7 13. Bc1 Qa5 14. Bg5 Bxg5 15.
Nxg5 h6 16. Nh3 Qd8 17. f4 g6 18. g4 Qh4 19. Nf2 Nb6 20. Ng3 Bd7 21. Kh1 O-O-O
22. Qc1 Kb8 23. Rg1 Rdg8 24. Bd1 Bc8 25. Rb5 Qe7 26. Bf3 Na8 27. Nd1 Nc7 28.
Rb1 b6 29. Ne3 Bb7 30. Ne2 h5 31. gxh5 gxh5 32. Rxg8+ Rxg8 33. Qe1 h4 34. Ng4
Ne8 35. Qd2 f5 36. Nf2 Nc7 37. Nh3 Ka8 38. Ng5 b5 39. Qc1 a5 40. a3 Ka7 41. Ra1
Ba6 42. Qe1 Rh8 43. Qd1 Na8 44. Ng1 Nb6 45. N1h3 Na4 46. Qc2 Bc8 47. Nf2 Bd7
48. Nd1 Qe8 49. Ne3 Ne7 50. Qd2 h3 51. Nc2 Rh4 52. Rf1 Ng6 53. Be2 Qe7 54. Qe1
Rxf4 55. Nxh3 Rxf1+ 56. Bxf1 Qh4 57. Qd2 Qe4+ 58. Kg1 Nh4 59. Ng5 Qg4+ 60. Kf2
f4 0-1

[Event "Moscow rapid"]
[Site "Moscow"]
[Date "1992.??.??"]
[Round "?"]
[White "Oll, Lembit"]
[Black "Petrosian, Arshak"]
[Result "1-0"]
[WhiteElo "2600"]
[BlackElo "2460"]
[PlyCount "135"]
[EventDate "1992.08.??"]
[EventType "swiss (rapid)"]
[EventRounds "9"]
[EventCountry "RUS"]
[Source "ChessBase"]
[SourceDate "1996.11.15"]

1. e4 e5 2. Nf3 Nc6 3. Nc3 Nf6 4. d4 Bb4 5. Nxe5 Nxe4 6. Qg4 Nxc3 7. Qxg7 Rf8
8. a3 Ba5 9. Nxc6 dxc6 10. Qe5+ Qe7 11. Qxe7+ Kxe7 12. Bd2 Bf5 13. Bxc3 Bxc3+
14. bxc3 Bxc2 15. Kd2 Bg6 16. h4 h6 17. Rh3 c5 18. Rf3 cxd4 19. Re1+ Kd7 20.
cxd4 Rae8 21. Rxe8 Rxe8 22. g4 h5 23. gxh5 Bxh5 24. Rf5 Bg6 25. Rd5+ Kc6 26.
Rc5+ Kd6 27. h5 Be4 28. Rg5 Rh8 29. Be2 c6 30. Ra5 a6 31. Re5 Bd5 32. Rf5 b5
33. Rf4 a5 34. Kc3 Re8 35. Bd3 Rh8 36. Rh4 Rh6 37. Be2 Ke6 38. Rf4 f5 39. Rh4
Kf6 40. f4 Be4 41. Rh3 Kg7 42. Rg3+ Kh7 43. Rg5 Rd6 44. Rg1 c5 45. dxc5 Rd5 46.
Rg6 Rxc5+ 47. Kd4 Rd5+ 48. Ke3 Rc5 49. Rb6 Rc3+ 50. Kd4 Rxa3 51. Rxb5 Ra1 52.
Kc3 a4 53. Ra5 Kg7 54. Ra7+ Kh6 55. Ra6+ Kh7 56. Bc4 Rh1 57. Bf7 Bf3 58. Bg6+
Kh6 59. Bxf5+ Kxh5 60. Rxa4 Bg4 61. Bd3 Re1 62. Ra7 Kh4 63. Rg7 Kg3 64. f5 Kh4
65. f6 Bh5 66. Rh7 Re6 67. f7 Rf6 68. Bg6 1-0

[Event "Moscow rapid"]
[Site "Moscow"]
[Date "1992.??.??"]
[Round "?"]
[White "Zvjaginsev, Vadim"]
[Black "Oll, Lembit"]
[Result "0-1"]
[WhiteElo "2415"]
[BlackElo "2600"]
[PlyCount "79"]
[EventDate "1992.08.??"]
[EventType "swiss (rapid)"]
[EventRounds "9"]
[EventCountry "RUS"]
[Source "ChessBase"]
[SourceDate "1996.11.15"]

1. d4 Nf6 2. c4 e6 3. Nf3 Bb4+ 4. Nc3 O-O 5. Bg5 h6 6. Bh4 c5 7. e3 cxd4 8.
exd4 b6 9. Bd3 Bb7 10. O-O Be7 11. d5 Nxd5 12. Nxd5 Bxh4 13. Nxh4 exd5 14. Nf5
Qg5 15. h4 Qf6 16. Qf3 Na6 17. cxd5 Nc5 18. Rad1 Rfe8 19. Bb1 Na4 20. Rd4 Ba6
21. Rg4 Be2 22. Rxg7+ Qxg7 23. Nxg7 Bxf3 24. Nxe8 Rxe8 25. gxf3 Nxb2 26. Rc1
Na4 27. Kh2 Nc5 28. Rg1+ Kh8 29. Rg4 Re5 30. d6 Rd5 31. Rf4 Kg7 32. Rg4+ Kf8
33. Bh7 Rxd6 34. Rg8+ Ke7 35. Ra8 a5 36. Rb8 Ne6 37. Be4 Nd4 38. a4 f5 39. Ba8
Ne6 40. Kg3 0-1

[Event "Helsinki op"]
[Site "Helsinki"]
[Date "1992.??.??"]
[Round "2"]
[White "Shcherbakov, Ruslan"]
[Black "Oll, Lembit"]
[Result "1/2-1/2"]
[WhiteElo "2530"]
[BlackElo "2600"]
[Annotator "Ribli"]
[PlyCount "54"]
[EventDate "1992.09.??"]
[EventType "swiss"]
[EventRounds "9"]
[EventCountry "FIN"]
[Source "ChessBase"]
[SourceDate "1993.02.01"]

1. Nf3 Nf6 2. c4 e6 3. g3 d5 4. Bg2 dxc4 5. Qa4+ Nbd7 6. Qxc4 c5 7. d3 Bd6 8.
Qb3 Rb8 9. Nc3 a6 10. Nd2 O-O 11. Nde4 Nxe4 12. Nxe4 Bc7 13. O-O b6 14. Bg5 (
14. Rd1 $1 Bb7 15. d4 Bd5 16. Qc2 cxd4 17. Ng5 $1 Nf6 18. Bxd5 exd5 19. Nf3 $14
{Dizdarevic,E-Petrosian,A  Sarajevo 1986  41/9}) 14... Qe8 15. Rac1 (15. Rfd1
$5) 15... Bb7 16. Bd2 Bd5 17. Qa3 f5 18. Nc3 Bxg2 19. Kxg2 Qc8 20. b4 Qb7+ 21.
f3 (21. Kg1 $5) 21... cxb4 22. Qxb4 Rbc8 23. Be3 Be5 24. Nb1 (24. Qb3 $5) 24...
Qd5 $1 25. Qa3 Bd4 26. Bxd4 Qxd4 27. Qxa6 Ra8 $1 1/2-1/2

[Event "Helsinki op"]
[Site "Helsinki"]
[Date "1992.??.??"]
[Round "3"]
[White "Oll, Lembit"]
[Black "Sveshnikov, Evgeny"]
[Result "0-1"]
[WhiteElo "2600"]
[BlackElo "2525"]
[PlyCount "92"]
[EventDate "1992.09.??"]
[EventType "swiss"]
[EventRounds "9"]
[EventCountry "FIN"]
[Source "ChessBase"]
[SourceDate "1993.02.01"]

1. e4 c5 2. Nf3 Nc6 3. d4 cxd4 4. Nxd4 e5 5. Nb5 d6 6. c4 Be7 7. N1c3 a6 8. Na3
Be6 9. Nd5 Rc8 10. Be3 Bg5 11. Bb6 Qd7 12. Be2 Bd8 13. O-O Nge7 14. Be3 O-O 15.
c5 Nd4 16. Bxd4 exd4 17. cxd6 Qxd6 18. Nc4 Qc5 19. b4 Qa7 20. Ncb6 Rc6 21.
Nxe7+ Bxe7 22. Nd5 Bxd5 23. exd5 Rc3 24. a3 Rd8 25. Bf3 Bg5 26. Qe1 Qb8 27. Qe4
Bf6 28. Rfe1 g6 29. g3 Qd6 30. Kg2 Kg7 31. Rec1 Rdc8 32. Rxc3 Rxc3 33. Ra2 b5
34. Be2 h5 35. a4 Be5 36. Bf3 f5 37. Qe2 g5 38. Qd2 Bf6 39. axb5 g4 40. Be2
axb5 41. Ra7+ Kg6 42. Qa2 d3 43. Bf1 Rc2 44. Ra6 Rxa2 45. Rxd6 d2 46. Be2 Ra1
0-1

[Event "Helsinki op"]
[Site "Helsinki"]
[Date "1992.??.??"]
[Round "5"]
[White "Oll, Lembit"]
[Black "Dokhoian, Yury"]
[Result "1-0"]
[WhiteElo "2600"]
[BlackElo "2505"]
[Annotator "Ftacnik,L"]
[PlyCount "81"]
[EventDate "1992.09.??"]
[EventType "swiss"]
[EventRounds "9"]
[EventCountry "FIN"]
[Source "ChessBase"]
[SourceDate "1993.02.01"]

1. d4 {Hertneck} d5 2. c4 c6 3. Nf3 Nf6 4. Nc3 dxc4 5. a4 Bf5 6. e3 e6 7. Bxc4
Bb4 8. O-O Nbd7 9. Qe2 Bg6 10. e4 $5 Bxc3 11. bxc3 Nxe4 12. Ba3 Qc7 13. Nd2 $5
Nxd2 (13... Ndf6 14. Nxe4 Nxe4 15. Rfe1 $1 O-O-O 16. Qb2 Rhe8 17. f3 Nd6 18.
Bf1 Kb8 19. a5 $14 {Kasparov,G-Bareev,E/Tilburg/1991/}) (13... Nxc3 14. Qe3 Nd5
(14... Nxa4 15. Bxe6 $1 O-O-O 16. Nc4 $1) 15. Bxd5 cxd5 16. Rfc1 $40) 14. Qxd2
Nb6 $6 (14... O-O-O 15. Be7 $1 Rde8 16. Bh4 f6 17. a5 $14 {
Razuvajev-Levitt/Reykjavik/1990/}) (14... c5 $5 15. dxc5 (15. d5 $146 {Hertneck
} O-O $1 16. dxe6 Ne5 17. Qf4 Rac8 (17... fxe6 18. Bxe6+ Kh8 $36) 18. Bd5 Nd3
19. Qxc7 Rxc7 20. f4 $13 {Van Wely,L-Hutters,T, Tastrup 1992}) 15... O-O-O $1
16. Qe3 Ne5 17. Be2 Bd3 18. Bxd3 Rxd3 $13 {Magerramov-Ionov/Cheliabinsk/1991/})
15. Bb3 O-O-O 16. c4 (16. a5 {Hertneck} Nd5 17. c4 Nf4 18. Bc5 $16) 16... Kb8 (
16... Rhe8 17. a5 Nd7 18. d5 $1 $40) 17. Rfc1 (17. a5 $5 Nc8 18. Bc5 b6 (18...
e5 19. Qb2 $1 exd4 (19... b6 20. axb6 axb6 21. Ba4 $1 Qb7 22. d5 $1) 20. Bxd4
f6 21. f3 $1 $16) 19. axb6 axb6 20. Qa2 Qb7 21. Bc2 $1) (17. Ra2 {
Hertneck  /\ Rb2}) 17... Nc8 (17... Nd7 18. Be7 $1) 18. a5 a6 $2 (18... c5 $5
19. d5 Nd6 20. Qe3 Rc8 $13) 19. Bc5 f6 20. Qb4 Qf4 (20... Rd7 {Hertneck} 21.
Ba4 Rhd8 {/\ Rd4 ~/=}) 21. Ba4 Ka8 22. Re1 Bf5 23. Ra2 $1 Rd7 24. Rb2 Rhd8 25.
h3 h5 26. Re3 h4 27. Rf3 $1 Qc1+ (27... Qc7 28. Rfb3 $1 Be4 (28... g5 29. Qxb7+
$1 Qxb7 30. Bxc6 Qxc6 31. Rb8#) (28... Rf7 29. Qe1 $1 (29. Qxb7+ $2 Qxb7 30.
Bxc6 Rdd7) 29... Qf4 30. Bxc6 $1 bxc6 31. Qb4 Na7 32. Be7 $18) 29. f3 Bf5 30.
Qxb7+ $1 Qxb7 31. Bxc6 Nd6 32. Rxb7 Nxb7 33. Bb6 $18) 28. Kh2 Be4 29. Re3 f5
30. d5 $1 (30. Rxe4 fxe4 31. Bxc6 Qf4+ 32. g3 hxg3+ 33. fxg3 Qc7 34. Bxe4 $16)
30... cxd5 31. Bc6 $1 Qxb2 (31... dxc4 {Hertneck} 32. Rxe4 $18) 32. Qxb2 bxc6
33. f3 Rb7 34. Qd2 Bb1 35. Rxe6 d4 36. Rxc6 d3 37. Rxa6+ Na7 38. Qf4 d2 39.
Bxa7 Rxa7 40. Rxa7+ Kxa7 41. Qc7+ 1-0

[Event "Helsinki op"]
[Site "Helsinki"]
[Date "1992.??.??"]
[Round "6"]
[White "Kharitonov, Andrei"]
[Black "Oll, Lembit"]
[Result "1/2-1/2"]
[WhiteElo "2505"]
[BlackElo "2600"]
[PlyCount "31"]
[EventDate "1992.09.??"]
[EventType "swiss"]
[EventRounds "9"]
[EventCountry "FIN"]
[Source "ChessBase"]
[SourceDate "1993.02.01"]

1. d4 Nf6 2. Nf3 d5 3. c4 e6 4. Nc3 c6 5. e3 Nbd7 6. Bd3 dxc4 7. Bxc4 b5 8. Bd3
Bb7 9. O-O a6 10. a4 Be7 11. Qe2 O-O 12. Rd1 Qc7 13. Bd2 b4 14. Ne4 Nxe4 15.
Bxe4 a5 16. Rac1 1/2-1/2

[Event "Helsinki op"]
[Site "Helsinki"]
[Date "1992.??.??"]
[Round "7"]
[White "Oll, Lembit"]
[Black "Kachiani Gersinska, Ketino"]
[Result "1-0"]
[WhiteElo "2600"]
[BlackElo "2360"]
[PlyCount "85"]
[EventDate "1992.09.??"]
[EventType "swiss"]
[EventRounds "9"]
[EventCountry "FIN"]
[Source "ChessBase"]
[SourceDate "1993.02.01"]

1. e4 e5 2. Nf3 Nc6 3. Nc3 Nf6 4. d4 exd4 5. Nxd4 Bc5 6. Nxc6 bxc6 7. Bd3 d6 8.
Bg5 O-O 9. Na4 Bb6 10. O-O Qe7 11. Qe2 Qe6 12. Kh1 Re8 13. Rae1 h6 14. Bd2 Bd7
15. b3 Qg4 16. f3 Qh4 17. g3 Qh3 18. Nxb6 axb6 19. a4 Re7 20. Qf2 Bc8 21. g4
Ba6 22. Rg1 Bxd3 23. cxd3 c5 24. Bc3 Nd7 25. Re3 d5 26. f4 Qxe3 27. Qxe3 d4 28.
Bxd4 cxd4 29. Qxd4 Nc5 30. g5 Rd7 31. Qc4 hxg5 32. d4 Ne6 33. d5 Nxf4 34. Rxg5
Re8 35. e5 Nxd5 36. Qg4 f5 37. Qxf5 Rf7 38. Qe4 Nf4 39. Rf5 Ne6 40. Rxf7 Kxf7
41. b4 Rd8 42. a5 Rd4 43. Qf3+ 1-0

[Event "Helsinki op"]
[Site "Helsinki"]
[Date "1992.??.??"]
[Round "8"]
[White "Van Wely, Loek"]
[Black "Oll, Lembit"]
[Result "1/2-1/2"]
[WhiteElo "2525"]
[BlackElo "2600"]
[PlyCount "29"]
[EventDate "1992.09.??"]
[EventType "swiss"]
[EventRounds "9"]
[EventCountry "FIN"]
[Source "ChessBase"]
[SourceDate "1993.02.01"]

1. d4 Nf6 2. c4 c6 3. Nc3 d5 4. Nf3 dxc4 5. a4 Bf5 6. Ne5 e6 7. f3 Bb4 8. e4
Bxe4 9. fxe4 Nxe4 10. Qf3 Qxd4 11. Qxf7+ Kd8 12. Bg5+ Nxg5 13. Qxg7 Bxc3+ 14.
bxc3 Qxc3+ 15. Ke2 1/2-1/2

[Event "Alekhine op"]
[Site "Moscow"]
[Date "1992.??.??"]
[Round "?"]
[White "Bagirov, Vladimir"]
[Black "Oll, Lembit"]
[Result "1/2-1/2"]
[WhiteElo "2500"]
[BlackElo "2600"]
[Annotator "Hansen,Cu"]
[PlyCount "59"]
[EventDate "1992.10.??"]
[EventType "swiss"]
[EventRounds "9"]
[EventCountry "RUS"]
[Source "ChessBase"]
[SourceDate "1993.04.01"]

1. Nf3 {Ribli} Nf6 2. c4 e6 3. g3 d5 4. b3 Be7 5. Bb2 O-O 6. Bg2 c5 7. O-O Nc6
8. e3 Re8 (8... Bd7 {Ribli} 9. Qe2 Qa5 10. d3 Rfd8 11. e4 dxe4 12. dxe4 Be8 13.
e5 Nd7 14. Rd1 Qc7 15. Nbd2 a6 16. h4 Rab8 $13 {
Eingorn,V-Sorokin,M  URS-ch58 1991  CBM/27}) 9. Qe2 (9. Na3 Bf8 (9... d4 $5)
10. d4 cxd4 11. cxd5 exd5 12. Nxd4 $14 {
Smyslov,V-Grabczewski,R Lugano OL 1968 (inf 6/50)} (12. Nxd4 {Ribli} Bg4 13.
Nxc6 bxc6 14. Qd3 Qd7 15. Nc2 Ne4 16. Nd4 Bh3 17. Rac1 Bxg2 18. Kxg2 Rac8 19.
Rfd1 $14 {Smyslov-Grabczewski  Lugano ol 1968  6/50})) (9. cxd5 exd5 10. d4 Bg4
11. dxc5 Bxc5 12. Nc3 a6 13. Ne2 Ne4 $132 {Raupp,T-Lobron,E BL 8283}) (9. d3
Bf8 10. Nc3 d4 11. exd4 cxd4 12. Ne4 Nxe4 13. dxe4 e5 14. Ne1 a5 $10 {
Pribyl,J-Ivkov,B Moscow EUchT 1977}) 9... Bf8 10. d4 cxd4 11. exd4 b6 12. Ne5 (
12. Rd1 Ba6 13. Nbd2 Rc8 14. Rac1 dxc4 15. bxc4 Na5 $10 {
McNab,C-Veingold,A Manila OL 1992}) 12... Bb7 13. Nd2 Rc8 14. Rfd1 dxc4 15.
Ndxc4 (15. bxc4 $2 Nxd4 16. Bxd4 Bxg2 $17) 15... Nd5 $15 {><Bb2} 16. Rac1 Nce7
(16... b5 17. Ne3 $13 (17. Nxc6 Rxc6 18. Ne3 Rxc1 19. Rxc1 Qd7 $15)) 17. Ne3
Nxe3 (17... Rxc1 $5 18. Rxc1 Qa8 19. Qh5 (19. Qf3 f6 $15) (19. Nxd5 Bxd5 $15)
19... Ng6 $15) 18. fxe3 (18. Bxb7 {Ribli} Nxd1 19. Bxc8 Nxc8 (19... Nxb2 20.
Bd7 $1 $18) 20. Rxd1 $10) 18... Bxg2 19. Qxg2 Nd5 20. Qf3 $10 Qf6 21. Kg2 Bd6
$2 22. Nc4 Bf8 23. e4 $14 Qxf3+ 24. Kxf3 Nb4 25. a3 (25. d5 exd5 26. exd5 Nxa2
27. Ra1 b5 28. Ne5 Nc3 $17 29. Nd3) (25. a4 $5 {/\Rd1-d2+Rc1-d1+d4-d5}) 25...
Nc6 26. d5 (26. Rc2 Red8 27. d5 exd5 28. exd5 Na5 $132) (26. a4 Red8 27. d5
exd5 28. exd5 Nb4 29. d6 Na2 30. Rc2 Rxd6 31. Rxd6 Bxd6 $17 32. Rd2) 26... exd5
27. exd5 Nb8 28. Ne5 {><c6} (28. a4 Nd7 $10) (28. Be5 $2 Rxc4 $17) 28... f6 29.
Nd3 (29. Nc6 Nxc6 30. Rxc6 (30. dxc6 $6 Re6 (30... Kf7 31. b4) 31. Rd7 (31. c7
$2 Re7 $17) 31... a5 (31... Rcxc6 32. Rxc6 Rxc6 33. Rxa7 $14) 32. c7 Be7 (32...
Rd6 $2 33. Rxd6 Bxd6 34. Rc6 Bxc7 35. Bc1 g5 36. Be3 $18) 33. Bd4 Kf7 $17 (
33... Kf8 $2 34. Bxb6 $1 Rxb6 35. Re1 Rxb3+ 36. Kg2 $16) 34. Bxb6 $2 Rxb6 35.
Re1 Re6 $19) 30... Kf7 $10) (29. Nc6 $5 {Ribli}) 29... Kf7 30. b4 {Hansen,Cu} (
30. b4 Bd6 $10) 1/2-1/2

[Event "Alekhine op"]
[Site "Moscow"]
[Date "1992.??.??"]
[Round "?"]
[White "Graf, Alexander"]
[Black "Oll, Lembit"]
[Result "0-1"]
[WhiteElo "2510"]
[BlackElo "2600"]
[PlyCount "136"]
[EventDate "1992.10.??"]
[EventType "swiss"]
[EventRounds "9"]
[EventCountry "RUS"]
[Source "ChessBase"]
[SourceDate "1993.04.01"]

1. d4 Nf6 2. c4 c6 3. Nc3 d5 4. e3 e6 5. Nf3 Nbd7 6. Bd3 dxc4 7. Bxc4 b5 8. Bd3
Bb7 9. O-O a6 10. e4 c5 11. e5 Nd5 12. a4 c4 13. Bb1 Be7 14. Nd2 N7b6 15. Qg4
Kf8 16. axb5 Nxc3 17. bxc3 axb5 18. Rxa8 Qxa8 19. Ne4 h5 20. Qf3 g6 21. Re1 Kg7
22. Bd2 Qa3 23. Qg3 Bxe4 24. Bxe4 Rd8 25. Qe3 Kg8 26. Qg3 Kg7 27. h3 Nd5 28.
Rb1 b4 29. cxb4 Qxg3 30. fxg3 c3 31. Bxd5 cxd2 32. Bf3 Rc8 33. Rd1 Bxb4 34. Kf2
Rd8 35. Ke3 Bc3 36. Kd3 Bxd4 37. Kxd2 Bxe5+ 38. Ke3 Rxd1 39. Bxd1 Bxg3 40. Ba4
f5 41. Kf3 h4 42. Be8 Kf6 43. Ke2 e5 44. Kf1 e4 45. Ke2 g5 46. Bd7 Ke5 47. Bc8
Bf4 48. Bd7 Bc1 49. Bc8 Ba3 50. Bd7 Bc5 51. Bc8 Kf4 52. Bd7 Bd4 53. Bc8 g4 54.
hxg4 Kxg4 55. Kf1 Kf4 56. Bd7 Ke5 57. Bc8 Bc5 58. Bd7 h3 59. gxh3 f4 60. Kg2
Be7 61. h4 Bxh4 62. Kh3 Bd8 63. Kg4 f3 64. Bc6 Be7 65. Bb7 Kd4 66. Ba6 Ke3 67.
Bb7 f2 68. Ba6 Kd2 0-1